Temas del derecho prevencional de menores II (Registro nro. 163178)
[ vista simple ]
| 000 -LEADER | |
|---|---|
| fixed length control field | 01107nam a22002537a 4500 |
| 007 - PHYSICAL DESCRIPTION FIXED FIELD--GENERAL INFORMATION | |
| fixed length control field | cr|||| |||| |
| 008 - FIXED-LENGTH DATA ELEMENTS--GENERAL INFORMATION | |
| fixed length control field | 140424s2002 ar |||||s|||| 00||0 spa d |
| 035 ## - | |
| -- | 11899 |
| 040 ## - CATALOGING SOURCE | |
| Original cataloging agency | vLex |
| 090 ## - | |
| -- | 4827 |
| -- | 4827 |
| 100 1# - MAIN ENTRY--PERSONAL NAME | |
| Personal name | Carranza, Jorge Luis |
| 245 10 - TITLE STATEMENT | |
| Title | Temas del derecho prevencional de menores II |
| Medium | [Recurso electrónico] / |
| Statement of responsibility, etc | Jorge Luis Carranza |
| 256 ## - | |
| -- | Servicio en línea |
| 260 ## - PUBLICATION, DISTRIBUTION, ETC. (IMPRINT) | |
| Place of publication, distribution, etc | Córdoba: |
| Name of publisher, distributor, etc | Alveroni Ediciones, |
| Date of publication, distribution, etc | 2002 |
| 300 ## - PHYSICAL DESCRIPTION | |
| Extent | 1 recurso electrónico |
| 506 1# - RESTRICTIONS ON ACCESS NOTE | |
| Terms governing access | Disponible solo en los productos indicados |
| Authorized users | vLex Global |
| -- | vLex Global (Academic Edition, excluding Law Schools) |
| -- | vLex Global (U.S. Academic Edition, Law Schools) |
| -- | vLex Global (U.S. Academic Edition, excluding Law Schools) |
| -- | vLex Global (Academic Edition, Law Schools) |
| 650 04 - SUBJECT ADDED ENTRY--TOPICAL TERM | |
| Topical term or geographic name as entry element | Familia y Sucesiones |
| Geographic subdivision | Argentina |
| 650 04 - SUBJECT ADDED ENTRY--TOPICAL TERM | |
| Topical term or geographic name as entry element | Derecho Laboral y Seguridad Social |
| Geographic subdivision | Argentina |
| 650 04 - SUBJECT ADDED ENTRY--TOPICAL TERM | |
| Topical term or geographic name as entry element | Procedimiento Civil |
| Geographic subdivision | Argentina |
| 740 0# - | |
| -- | vLex Libros (Servicio en línea) |
| 856 40 - LOCALIZACIÓN Y ACCESO ELECTRÓNICO | |
| Identificador Uniforme del Recurso (URI/URL) | https://app.vlex.com/#/sources/temas-derecho-prevencional-menores-ii-11899 |
| 942 ## - | |
| -- | RAA |
| 999 ## - | |
| -- | 163178 |
| -- | 163178 |
No hay ítems disponibles.